| 000 | 00474nam a2200193Ia 4500 | ||
|---|---|---|---|
| 005 | 20250603145458.0 | ||
| 008 | 250603s9999 xx 000 0 und d | ||
| 020 | _a9780198791195 | ||
| 050 | _aRC 55 .B35/ | ||
| 100 | _aBaldwin, Andrew | ||
| 245 | 0 | _aOxford handbook of clinical specialties | |
| 250 | _a10th ed. | ||
| 260 | _aUnited KIngdom | ||
| 260 | _b Oxford University Press | ||
| 260 | _c2016 | ||
| 300 | _a834 p | ||
| 650 | _aUnited KIngdom | ||
| 942 | _cBK | ||
| 999 |
_c41978 _d41978 |
||